000 01156nam0a2200301 i 4500
001 RU\NLR\BIBL_A\011363602
005 20260503055708.0
010 _a9785000591512
_930000
021 _aRU
_b2017-17378
_91282
035 _a(RuMoRGB)008824944
035 _a(NLR Aleph) 011363602
090 _a11311830
_c11311830
100 _a20170407d2017 u y0rusy50 ca
101 0 _arus
102 _aRU
105 _aa|||w|||000zy
200 1 _aПутеводитель доброй жизни
_e(страх Божий, мудрость, трезвость, труд)
_fпротоиерей Иоанн Наумович
210 _aМосква
_cДуховное преображение
_d2017
215 _a127 с.
_cил.
_d21
606 _aДуховно-нравственное чтение
_92074545
_3RU\NLR\AUTH\661249549
686 _aЭ372.24-43,0
_2rubbk
686 2 _aЭ372.24-681.2
700 1 _aНаумович
_bИ. Г.
_f1826-1891
_gИван Григорьевич
_9131968
_3RU\NLR\AUTH\770132002
942 _cBOOK
980 _aNBR